1194 1444 1265 1171 1860 1407 1149 1937 1003 1338 1763 1185 1120 1201 1015 1600 1182 1286 1420 1133 1122 1016 1769 1176 1275 1265 1340 1583 1314 1059 1916 1538 1704 1546 1282 1403 1220 1676 1374 1762 1365 1687 1478 1166 1054 1121 1885 1068 1484 1712 1295 1170 1535 1505 1697 1558 1295 1768 1515 1565 1159 1539 1346 1632 1222 1596 1458 1034 1613 1902 1807 1372 1704 1875 1074 1788 1125 1277 1935 1301 1251 1675 1665 1702 1248 1587 1061 1156 1098 1986 1470 1406 1099 1066 1591 1190 1266 1551 1575 BCNSPRNW ULIB Ver.6.0+V

เปลี่ยนเป็นภาษาไทย

Change to English
 แสดงรายละเอียดบรรณานุกรม
  กลับหน้าหลัก

Brief Record : Get Marc (ISO 2709) : E-mail record : QR code < ปิดหน้าต่าง
LEADER : 00000nam 2200000uu 4500
001    13399124471
003     ULIB
008    150727s2557||||th 000 0 tha d
020    ^a9789744667434
060 04 ^aWF140^bด147ก
100 0  ^aดลรวี (นัฏฐกาล) ลีลารุ่งระยับ
245 10 ^aกายภาพบำบัดทรวงอกทางคลินิก =^bClinical chest physiotherapy /^cดลรวี ลีลารุ่งระยับ
246 31 ^aClinical chest physiotherapy.
250    ^aพิมพ์ครั้งที่ 3 (ฉบับปรับปรุง)
260    ^a[เชียงใหม่ :^bภาควิชากายภาพบำบัด คณะเทคนิคการแพทย์ มหาวิทยาลัยเชียงใหม่],^c2557.
300    ^a295, [7] หน้า :^bภาพประกอบ ;^c26 ซม.
650  4 ^aทางเดินอากาศหายใจ, โรค^xการฟื้นฟูสมรรถภาพ
650  4 ^aทรวงอก, โรค^xการบันทึกภาพด้วยรังสี
650  4 ^aทางเดินอากาศหายใจ, โรค^xการรักษา
650  4 ^aทางเดินอากาศหายใจ, โรค^xการวินิจฉัย
710 2  ^aมหาวิทยาลัยเชียงใหม่.^bคณเทคนิคการแพทย์.^bภาควิชากายภาพบำบัด
945    ^p200^l0^i23023
999    ^aทศพร เกษรทอง
รายการนี้ยังไม่มีแท็ก
คุณยังไม่ได้ล็อกอิน คุณสามารถมีกิจกรรมร่วมกับเว็บไซต์ได้ แต่ต้องล็อกอินก่อน ::
  ล็อกอิน

รายการสื่อสารสนเทศ

ลำดับที่ ประเภท เลขเรียก/บาร์โค้ด สถานที่ สถานะ
1. วิทยาศาสตร์การแพทย์ และสุขภาพ
วิทยาศาสตร์การแพทย์ และสุขภาพ
สถานะ=หนังสือเก่า
WF140 ด147ก ฉ.1 
  Barcode: 23023
ห้องสมุดวิทยาเขตนครสวรรค์
►ส่วนจัดเก็บหนังสือเก่า นว.
บนชั้น
  ขอยืม

รายการใกล้เคียง
    ผู้แต่ง [ดลรวี (นัฏฐกาล) ลีลารุ่งระยับ]

BibComment


ยังไม่เคยถูกคอมเมนท์

คอมเมนท์ทรัพยากรรายการนี้
  คอมเมนท์: กายภาพบำบัดทรวงอ..


 Copyright 2026. Bcnsprnw @Library